000 00536cam a2200205ua 4500
001 8426
008 150129n ii |||gr||||Z||||||eng
020 _a9780195670691
040 _cMAIN
041 _aeng
082 _a808.103
100 _aBaldick. C.,
_eAuthor.
245 1 _aThe concise oxford dictionary of literary terms
_cBy Chris Baldick
250 _a1st.
260 _aNew Delhi:
_bOxford,
_c2007.
300 _a284p.
653 _aRhetoric & collections of literature
653 _aDictionary literary terms
942 _cBK
999 _c7534
_d7534